Activities management / (Record no. 7938)
[ view plain ]
| 000 -LEADER | |
|---|---|
| fixed length control field | 00442cam a2200157 a 4500 |
| 020 ## - INTERNATIONAL STANDARD BOOK NUMBER | |
| ISBN | 0750640421 |
| 050 00 - CALL NUMBER | |
| Classification number | HD30.413 |
| Item number | .L35 |
| 100 1# - AUTHOR | |
| Personal name | Lake, Cathy. |
| 245 10 - TITLE | |
| Title | Activities management / |
| Statement of responsibility, etc | Cathy Lake. |
| 260 ## - PUBLICATION INFORMATION | |
| Place of publication | Oxford [England] ; |
| -- | Boston : |
| Name of publisher | Butterworth-Heinemann, |
| Year of publication | 1999. |
| 300 ## - DESCRIPTION | |
| Number of Pages | xiii, 156 p. : |
| Other physical details | ill. ; |
| Dimensions | 25 cm. |
| 440 #0 - SERIES | |
| SERIES | Team leader development series |
| 650 #0 - SUBJECTS | |
| Topical Term | Management |
| 650 #0 - SUBJECTS | |
| Topical Term | Problem solving |
| 942 ## - ADDED ENTRY ELEMENTS (KOHA) | |
| Koha item type | Books |
| Withdrawn status | Lost status | Home library | Current library | Date acquired | Full call number | Accession Number | Koha item type |
|---|---|---|---|---|---|---|---|
| Methodist University Library Wenchi Faculty | Methodist University Library Wenchi Faculty | 19/10/2021 | HD30.413 .L35 | 12063 | Books |